000 02232nam a22002657a 4500
003 NALT
005 20251125233125.0
008 s2558 th o tha d
020 _a9786163990112
040 _aNALT
086 _aสผ 47 7.3 370 2558
090 _aAA 560.T52
_bส226ส 2558
110 2 _aสำนักงานเลขาธิการสภาผู้แทนราษฎร ปฏิบัติหน้าที่สำนักงานเลขาธิการสภาปฏิรูปแห่งชาติ
_91766
245 1 0 _aสภาปฏิรูปแห่งชาติ วาระปฏิรูปที่ 16 :
_bการปฏิรูประบบการจัดการศึกษา วาระปฏิรูปที่ 17 : การปฏิรูประบบการคลังด้านการศึกษา (ด้านอุปสงค์) วาระปฏิรูปที่ 18 : การปฏิรูประบบการเรียนรู้ /
_cสำนักงานเลขาธิการสภาผู้แทนราษฎร ปฏิบัติหน้าที่สำนักงานเลขาธิการสภาปฏิรูปแห่งชาติ.
260 _aกรุงเทพฯ :
_bสำนักการพิมพ์ สำนักงานเลขาธิการสภาผู้แทนราษฎร,
_c2558.
300 _a117 หน้า :
_bภาพประกอบ, ตาราง, แผนภูมิ ;
_c30 ซม.
610 2 4 _aคณะกรรมาธิการปฏิรูปการศึกษาและการพัฒนาทรัพยากรมนุษย์ สภาปฏิรูปแห่งชาติ
_xรายงาน
_915443
650 4 _aนโยบายการศึกษา
_zไทย
_92280
650 4 _aการจัดการศึกษา
_915446
_zไทย
650 4 _aการเรียนรู้
_94287
850 _aNALT
856 4 0 _uhttps://hdl.handle.net/20.500.14156/454627
942 _cPAR
_2local
999 _c74360
_d74360
998 _j104
_k นางสาวสายฝน ดีงาม